Sticking plaster (Record no. 118378)

MARC details
000 -LEADER
fixed length control field 01070cam a2200253 4500
001 - CONTROL NUMBER
control field ABS68417
008 - FIXED-LENGTH DATA ELEMENTS--GENERAL INFORMATION
fixed length control field 041125n2004 000 0 eng u
035 ## - SYSTEM CONTROL NUMBER
System control number (Sirsi) u128146
100 ## - MAIN ENTRY--PERSONAL NAME
Personal name Foyle, J.
245 ## - TITLE STATEMENT
Title Sticking plaster
260 ## - PUBLICATION, DISTRIBUTION, ETC.
Date of publication, distribution, etc. 2004
490 ## - SERIES STATEMENT
Series statement Architects' Journal
Volume/sequential designation 220(18) 11 November 2004, 40-42(3)
520 ## - SUMMARY, ETC.
Summary, etc. Fifth in a series of articles on the history and conservation of building materials. Looks at the development and use of plaster and stucco. Outlines the history of its use. Defines plaster as mouldable but usually level cementing material and stucco as a hard external render. Looks at the case study of Llanfair Cilgedin Church, Gwent, examining use of plasterwork and techniques used in recent restoration. (See also Abs67998, Abs68102, Abs68202 and Abs68306).
590 ## - LOCAL NOTE (RLIN)
Local note ABS
590 ## - LOCAL NOTE (RLIN)
Local note ABS
650 ## - SUBJECT ADDED ENTRY--TOPICAL TERM
Topical term or geographic name entry element BUILDING MATERIALS
650 ## - SUBJECT ADDED ENTRY--TOPICAL TERM
Topical term or geographic name entry element HISTORICAL BUILDINGS
650 ## - SUBJECT ADDED ENTRY--TOPICAL TERM
Topical term or geographic name entry element PLASTER
650 ## - SUBJECT ADDED ENTRY--TOPICAL TERM
Topical term or geographic name entry element STUCCO
650 ## - SUBJECT ADDED ENTRY--TOPICAL TERM
Topical term or geographic name entry element RENDER
650 ## - SUBJECT ADDED ENTRY--TOPICAL TERM
Topical term or geographic name entry element BUILDING RESTORATION
690 ## - LOCAL SUBJECT ADDED ENTRY--TOPICAL TERM (OCLC, RLIN)
Topical term or geographic name as entry element BUILDING CONSERVATION
942 ## - ADDED ENTRY ELEMENTS (KOHA)
Suppress in OPAC 0
Holdings
Withdrawn status Lost status Source of classification or shelving scheme Damaged status Not for loan Home library Current library Shelving location Date acquired Total Checkouts Full call number Barcode Date last seen Copy number Price effective from Koha item type
    Dewey Decimal Classification     London London Journal article 25/11/2004   ABS68417 128146-1001 06/08/2019 1 06/08/2019 Journal article